| Tag |
First Indicator |
Second Indicator |
Subfields |
| LEADER |
00000nam a2200000 i 4500 |
| 001 |
in00004782921 |
| 006 |
m o d f |
| 007 |
cr ||||||||||| |
| 008 |
240104s2023 dcua ob f000 0 eng c |
| 005 |
20240315153452.5 |
| 035 |
|
|
|a (OCoLC)on1416643396
|
| 040 |
|
|
|a GPO
|b eng
|e rda
|e pn
|c GPO
|d GPO
|d MvI
|
| 042 |
|
|
|a pcc
|
| 043 |
|
|
|a n-us---
|
| 049 |
|
|
|a WWW
|
| 074 |
|
|
|a 0431-C-08 (online)
|
| 086 |
0 |
|
|a TD 4.2:A 7
|
| 100 |
1 |
|
|a Huerta, Michael Peter,
|d 1956-
|0 https://id.loc.gov/authorities/names/no93026447
|e author.
|
| 245 |
1 |
0 |
|a National Airspace System Safety Review Team :
|b discussions and recommendations to address risk in the National Airspace System /
|c Michael Huerta [and five others].
|
| 246 |
3 |
0 |
|a Discussions and recommendations to address risk in the National Airspace System
|
| 264 |
|
1 |
|a [Washington, D.C.] :
|b U.S. Federal Aviation Administration,
|c 2023.
|
| 300 |
|
|
|a 1 online resource (52 pages) :
|b color illustrations
|
| 336 |
|
|
|a text
|b txt
|2 rdacontent
|
| 337 |
|
|
|a computer
|b c
|2 rdamedia
|
| 338 |
|
|
|a online resource
|b cr
|2 rdacarrier
|
| 500 |
|
|
|a "November 2023."
|
| 500 |
|
|
|a In scope of the U.S. Government Publishing Office Cataloging and Indexing Program (C&I) and Federal Depository Library Program (FDLP).
|
| 500 |
|
|
|a GPO Cataloging Record Distribution Program (CRDP).
|
| 504 |
|
|
|a Includes bibliographical references.
|
| 588 |
|
|
|a Description based on online resource, title from PDF cover (FAA, viewed Jan. 4, 2023).
|
| 650 |
|
0 |
|a Air traffic control
|z United States
|x Safety measures.
|
| 650 |
|
0 |
|a Aeronautics
|z United States
|x Safety measures.
|
| 710 |
1 |
|
|a United States.
|b Federal Aviation Administration,
|0 https://id.loc.gov/authorities/names/n79034443
|e issuing body.
|
| 856 |
4 |
0 |
|u https://purl.fdlp.gov/GPO/gpo220739
|t 0
|
| 999 |
f |
f |
|s 1f3dd1ba-809c-404b-a7a7-63be64f31e40
|i e50a1d39-ae18-4e65-89af-892284553748
|t 0
|
| 952 |
f |
f |
|a Texas A&M University
|b College Station
|c Electronic Resources
|d Available Online
|t 0
|e TD 4.2:A 7
|h Superintendent of Documents classification
|
| 998 |
f |
f |
|a TD 4.2:A 7
|t 0
|l Available Online
|